书目信息 |
| 题名: |
苏联十大历史公案
|
|
| 作者: | 李忠杰 著 | |
| 分册: | ||
| 出版信息: | 北京 求实出版社 1989.1 |
|
| 页数: | 394页 | |
| 开本: | 19cm | |
| 丛书名: | ||
| 单 册: | ||
| 中图分类: | K512.505 | |
| 科图分类: | ||
| 主题词: | 苏联--现代史 | |
| 电子资源: | ||
| ISBN: | 7-80033-102-4 | |
| 000 | 00570nam0 2200205 45 | |
| 001 | 0190014939 | |
| 005 | 20060413094955.35 | |
| 010 | @a7-80033-102-4@dCNY4.20 | |
| 100 | @a19921223d1989 ekmy0chiy0121 ea | |
| 101 | 0 | @achi |
| 102 | @aCN@b110000 | |
| 105 | @ay z 000yy | |
| 200 | 10 | @a苏联十大历史公案@ASU LIAN SHI DA LI SHI GONG AN@f李忠杰著@FLI ZHONG JIE ZHU |
| 210 | @a北京@c求实出版社@d1989.1 | |
| 215 | @a394页@d19cm | |
| 606 | 0 | @a苏联@x现代史 |
| 690 | @aK512.505@v3 | |
| 701 | 0 | @a李忠杰@Ali zhong jie@4著 |
| 801 | 0 | @aCN@bNLC@c20060413 |
| 905 | @dK512.505@e17 | |
| 苏联十大历史公案/李忠杰著.-北京:求实出版社,1989.1 |
| 394页;19cm |
| ISBN 7-80033-102-4:CNY4.20 |
| ● |
| 相关链接 |
|
|
|
|
正题名:苏联十大历史公案
索取号:K512.505/17
 
预约/预借
| 序号 | 登录号 | 条形码 | 馆藏地/架位号 | 状态 | 备注 |
| 1 | 0219087 | 001394994 | 第二借阅区/ [索取号:K512.505/17] | 在馆 | |
| 2 | 0219088 | 002034131 | 第二样本阅览室/ [索取号:K512.505/17] | 在馆 | |
| 3 | 0219089 | 202250768 | 密集书库/ [索取号:K512.505/17] | 在馆 |